Introductory Econometrics / (Record no. 49093)

MARC details
000 -LEADER
fixed length control field 00504nam a22001937a 4500
003 - CONTROL NUMBER IDENTIFIER
control field OSt
008 - FIXED-LENGTH DATA ELEMENTS--GENERAL INFORMATION
fixed length control field 251015b |||||||| |||| 00| 0 eng d
020 ## - INTERNATIONAL STANDARD BOOK NUMBER
International Standard Book Number 9789355400376
082 ## - DEWEY DECIMAL CLASSIFICATION NUMBER
Classification number 330.015195
Item number D22I
100 ## - MAIN ENTRY--PERSONAL NAME
Personal name Das, Rajib Kumar.
245 ## - TITLE STATEMENT
Title Introductory Econometrics /
Statement of responsibility, etc. by Rajib Kumar Das
250 ## - EDITION STATEMENT
Edition statement 2nd ed.
260 ## - PUBLICATION, DISTRIBUTION, ETC. (IMPRINT)
Place of publication, distribution, etc .- Ludhiana
Name of publisher, distributor, etc : Kalyani Publishers
Date of publication, distribution, etc , 2023
300 ## - PHYSICAL DESCRIPTION
Extent 194p.
650 ## - SUBJECT ADDED ENTRY--TOPICAL TERM
Topical term or geographic name as entry element Social Sciences
650 ## - SUBJECT ADDED ENTRY--TOPICAL TERM
Topical term or geographic name as entry element Economics
650 ## - SUBJECT ADDED ENTRY--TOPICAL TERM
Topical term or geographic name as entry element Econometrics
942 ## - ADDED ENTRY ELEMENTS (KOHA)
Source of classification or shelving scheme
Koha item type Books
942 ## - ADDED ENTRY ELEMENTS (KOHA)
-- 1
Holdings
Withdrawn status Lost status Source of classification or shelving scheme Damaged status Not for loan Home library Current library Date acquired Source of acquisition Cost, normal purchase price Total Checkouts Full call number Barcode Date last seen Bill Date Koha item type Bill Number Date last borrowed
          Dr. Rajendra Prasad Central Agricultural University Pusa, Dr. Rajendra Prasad Central Agricultural University Pusa, 15/10/2025 DBA, Delhi 195.00   330.015195 D22I 84903 15/10/2025 15/07/2025 Books DBS/004/2025-2026  
          Dr. Rajendra Prasad Central Agricultural University Pusa, Dr. Rajendra Prasad Central Agricultural University Pusa, 15/10/2025 DBA, Delhi 195.00   330.015195 D22I 84904 15/10/2025 15/07/2025 Books DBS/004/2025-2026  
          Dr. Rajendra Prasad Central Agricultural University Pusa, Dr. Rajendra Prasad Central Agricultural University Pusa, 15/10/2025 DBA, Delhi 195.00   330.015195 D22I 84905 15/10/2025 15/07/2025 Books DBS/004/2025-2026  
          Dr. Rajendra Prasad Central Agricultural University Pusa, Dr. Rajendra Prasad Central Agricultural University Pusa, 15/10/2025 DBA, Delhi 195.00   330.015195 D22I 84906 15/10/2025 15/07/2025 Books DBS/004/2025-2026  
          Dr. Rajendra Prasad Central Agricultural University Pusa, Dr. Rajendra Prasad Central Agricultural University Pusa, 15/10/2025 DBA, Delhi 195.00 1 330.015195 D22I 84907 21/04/2026 15/07/2025 Books DBS/004/2025-2026 10/04/2026
Hosted, Implemented, Customized & Maintained by: BestBookBuddies

Powered by Koha